| 000 | 00997nam a2200289Ia 4500 | ||
|---|---|---|---|
| 001 | Para_5816 | ||
| 003 | CHAP | ||
| 008 | 220125s1985 xx 000 0 und d | ||
| 010 | _a204300 | ||
| 040 | _cCHAP | ||
| 090 | _aPA TESIS 132 | ||
| 100 |
_aGutiérrez Ruelas, José Manuel _951829 |
||
| 245 |
_aDeterminación y distribución de los principales insectos plaga de los citricos (Citrus spp) en el Estado de México / _c por José Manuel Gutiérrez Ruelas |
||
| 260 |
_aChapingo, Méx. : _b el autor |
||
| 300 | _a78 h. | ||
| 502 | _aTesis (Ing. Agr. Esp. en Parasitología Agrícola) -- UACh. Departamento Parasitología Agrícola | ||
| 650 |
_aCitricos _x México (Edo.) _924455 |
||
| 650 |
_aCitricos _x plagas _924458 |
||
| 710 |
_aUACh. Departamento Parasitología Agrícola _9164025 |
||
| 901 | _aPA TESIS 132 | ||
| 902 | _aA | ||
| 905 | _a0000001985 ab 0000000000 00 | ||
| 910 | _a1985 | ||
| 942 | _cPARA | ||
| 942 |
_cPARA _d1 |
||
| 999 |
_c204300 _d204300 |
||